000 00442nam a2200181Ia 4500
001 10915
005 20260306161907.0
008 260306t2017||||xx |||||||||||||| ||spa||
041 _aESP
082 _a980.03
_bI59
100 _aInsúa, Mariela,
_eAUT
245 0 _aViajeros, crónicas de Indias y épica colonial
260 _c2017
300 _a257 páginas :
_c23 cm.
650 _aGEN
654 _aCHU
942 _cLIB
_dJUS
_fJUS
_2ddc
_n
999 _c10915
_d10915